001480000a2200061000450024500350000030000350003577300160007010aAyudas visuales para capacitar aNúm 43 (2000), Páginas 8-90 tPaso a paso